[Event "World Chess Olympiad 2018"]
[Site "Batumi"]
[Date "2018.10.02"]
[Round "8"]
[Board "2"]
[WhiteFideId "13503391"]
[White "Gurbanov Andrei"]
[BlackFideId "13100351"]
[Black "Ralison Milanto Harifidy"]
[Result "1-0"]
[LiveChessVersion "1.4.8"]
[BlackElo "2281"]
[WhiteElo "2305"]

1. d4 {[%clk 1:30:56]} Nf6 {[%clk 1:30:48]} 2. Nf3 {[%clk 1:31:11]} g6
{[%clk 1:30:58]} 3. Bf4 {[%clk 1:30:56]} c5 {[%clk 1:30:46]} 4. e3
{[%clk 1:30:16]} Qb6 {[%clk 1:30:53]} 5. Qc1 {[%clk 1:30:10]} Bg7
{[%clk 1:29:32]} 6. c3 {[%clk 1:30:22]} O-O {[%clk 1:28:50]} 7. Nbd2
{[%clk 1:29:03]} d6 {[%clk 1:27:54]} 8. h3 {[%clk 1:29:21]} Bd7 {[%clk 1:26:15]}
9. Nc4 {[%clk 1:28:00]} Qc7 {[%clk 1:24:46]} 10. a4 {[%clk 1:28:09]} Nd5
{[%clk 1:16:28]} 11. Bh2 {[%clk 1:24:19]} cxd4 {[%clk 1:16:20]} 12. exd4
{[%clk 1:23:06]} Nc6 {[%clk 1:14:34]} 13. Be2 {[%clk 1:20:22]} e5
{[%clk 1:13:02]} 14. O-O {[%clk 1:19:48]} f6 {[%clk 1:11:21]} 15. Rd1
{[%clk 1:09:54]} Nce7 {[%clk 1:05:32]} 16. Qc2 {[%clk 1:00:06]} Rad8
{[%clk 0:57:17]} 17. a5 {[%clk 0:57:09]} Kh8 {[%clk 0:52:58]} 18. Bf1
{[%clk 0:55:00]} Bc6 {[%clk 0:48:51]} 19. Nfd2 {[%clk 0:53:40]} b5
{[%clk 0:44:05]} 20. axb6 {[%clk 0:52:30]} axb6 {[%clk 0:44:04]} 21. Qb3
{[%clk 0:47:55]} f5 {[%clk 0:37:10]} 22. dxe5 {[%clk 0:43:44]} dxe5
{[%clk 0:37:23]} 23. Nf3 {[%clk 0:43:43]} f4 {[%clk 0:32:18]} 24. Re1
{[%clk 0:42:11]} Rf5 {[%clk 0:28:44]} 25. Rad1 {[%clk 0:41:09]} b5
{[%clk 0:22:09]} 26. Na3 {[%clk 0:40:18]} b4 {[%clk 0:21:12]} 27. cxb4
{[%clk 0:39:28]} Nb6 {[%clk 0:19:48]} 28. Rxd8+ {[%clk 0:36:19]} Qxd8
{[%clk 0:20:09]} 29. b5 {[%clk 0:34:37]} Bd5 {[%clk 0:18:54]} 30. Qd3
{[%clk 0:33:27]} Qa8 {[%clk 0:15:38]} 31. Nd2 {[%clk 0:33:29]} Nec8
{[%clk 0:14:21]} 32. Nab1 {[%clk 0:32:12]} Rf7 {[%clk 0:08:00]} 33. Nc3
{[%clk 0:30:46]} Be6 {[%clk 0:07:39]} 34. Nf3 {[%clk 0:25:08]} Bf5
{[%clk 0:07:25]} 35. Qd8+ {[%clk 0:24:04]} Rf8 {[%clk 0:07:49]} 36. Qc7
{[%clk 0:24:27]} e4 {[%clk 0:03:20]} 37. Ng5 {[%clk 0:24:47]} Nd5
{[%clk 0:03:16]} 38. Nxd5 {[%clk 0:20:39]} Qxd5 {[%clk 0:03:40]} 39. Bxf4
{[%clk 0:20:30]} h6 {[%clk 0:00:49]} 40. Bc4 {[%clk 0:50:42]} Qd7
{[%clk 0:30:39]} 41. Nf7+ {[%clk 0:46:05]} Kh7 {[%clk 0:30:51]} 42. Qxd7
{[%clk 0:46:05]} Bxd7 {[%clk 0:31:16]} 43. Rxe4 {[%clk 0:45:05]} Bxb5
{[%clk 0:27:05]} 44. Bxb5 {[%clk 0:43:23]} Rxf7 {[%clk 0:27:29]} 45. b4
{[%clk 0:43:18]} Bf8 {[%clk 0:21:19]} 46. Bc4 {[%clk 0:41:06]} Rf6
{[%clk 0:19:12]} 47. Bd3 {[%clk 0:40:06]} Nd6 {[%clk 0:18:24]} 48. Rd4
{[%clk 0:40:22]} Nf7 {[%clk 0:15:20]} 49. h4 {[%clk 0:39:53]} Kg7
{[%clk 0:15:11]} 50. Bg3 {[%clk 0:39:11]} Rb6 {[%clk 0:13:02]} 51. b5
{[%clk 0:39:00]} g5 {[%clk 0:11:01]} 52. Rd7 {[%clk 0:38:11]} Kf6
{[%clk 0:09:02]} 53. Bc7 {[%clk 0:37:49]} Ne5 {[%clk 0:06:16]} 54. Rd8
{[%clk 0:37:50]} 1-0

[Event "World Chess Olympiad 2018"]
[Site "Batumi"]
[Date "2018.10.02"]
[Round "8"]
[Board "3"]
[WhiteFideId "13100858"]
[White "Andriamasoandro Miora"]
[BlackFideId "24194662"]
[Black "Tersinsev Andrey"]
[Result "0-1"]
[LiveChessVersion "1.4.8"]
[BlackElo "2194"]
[WhiteElo "2126"]

1. d4 {[%clk 1:30:43]} f5 {[%clk 1:30:33]} 2. Nf3 {[%clk 1:30:45]} Nf6
{[%clk 1:30:50]} 3. Bf4 {[%clk 1:30:11]} g6 {[%clk 1:30:12]} 4. e3
{[%clk 1:29:53]} Bg7 {[%clk 1:30:26]} 5. Bc4 {[%clk 1:29:35]} e6 {[%clk 1:28:26]}
6. Nc3 {[%clk 1:29:22]} d5 {[%clk 1:26:28]} 7. Be2 {[%clk 1:23:28]} c6
{[%clk 1:26:23]} 8. h4 {[%clk 1:22:30]} Nh5 {[%clk 1:19:59]} 9. Be5
{[%clk 1:17:31]} Nd7 {[%clk 1:12:34]} 10. Bxg7 {[%clk 1:05:17]} Nxg7
{[%clk 1:12:54]} 11. Qd2 {[%clk 1:02:36]} Qc7 {[%clk 1:08:57]} 12. O-O-O
{[%clk 0:59:12]} O-O {[%clk 1:05:03]} 13. Ne1 {[%clk 0:50:00]} e5
{[%clk 1:01:50]} 14. h5 {[%clk 0:48:01]} e4 {[%clk 0:59:45]} 15. hxg6
{[%clk 0:44:46]} hxg6 {[%clk 1:00:07]} 16. Rh6 {[%clk 0:42:22]} g5
{[%clk 0:52:16]} 17. f4 {[%clk 0:30:01]} g4 {[%clk 0:44:02]} 18. g3
{[%clk 0:29:38]} Nf6 {[%clk 0:43:15]} 19. Ng2 {[%clk 0:22:10]} Ngh5
{[%clk 0:40:13]} 20. Rh1 {[%clk 0:19:04]} Nxg3 {[%clk 0:34:13]} 21. R1h2
{[%clk 0:16:31]} Qg7 {[%clk 0:25:03]} 22. Qe1 {[%clk 0:14:06]} Nxe2+
{[%clk 0:25:14]} 23. Nxe2 {[%clk 0:14:02]} Kf7 {[%clk 0:18:25]} 24. Qb4
{[%clk 0:09:06]} Bd7 {[%clk 0:13:44]} 25. Qxb7 {[%clk 0:05:00]} Rh8
{[%clk 0:13:59]} 26. R6h4 {[%clk 0:03:47]} g3 {[%clk 0:08:48]} 27. Rh1
{[%clk 0:02:14]} Rxh4 {[%clk 0:09:00]} 28. Nxh4 {[%clk 0:01:16]} Rh8
{[%clk 0:08:24]} 29. Nxf5 {[%clk 0:01:03]} Rxh1+ {[%clk 0:08:38]} 30. Kd2
{[%clk 0:01:32]} Qg4 {[%clk 0:06:38]} 31. Nfxg3 {[%clk 0:01:13]} Rh2
{[%clk 0:06:47]} 32. Qa6 {[%clk 0:01:11]} Qxg3 {[%clk 0:06:55]} 33. Qxa7
{[%clk 0:01:32]} Qf2 {[%clk 0:06:54]} 34. Qa6 {[%clk 0:01:55]} Bg4
{[%clk 0:07:03]} 35. Qa4 {[%clk 0:01:31]} Qxe2+ {[%clk 0:07:15]} 36. Kc3
{[%clk 0:01:59]} Qd2+ {[%clk 0:07:33]} 0-1

[Event "World Chess Olympiad 2018"]
[Site "Batumi"]
[Date "2018.10.02"]
[Round "8"]
[Board "4"]
[WhiteFideId "14511444"]
[White "Glazar Domagoj"]
[BlackFideId "13100424"]
[Black "Rajaonarison Faniry"]
[Result "1/2-1/2"]
[LiveChessVersion "1.4.8"]
[BlackElo "2126"]
[WhiteElo "2145"]

1. d4 {[%clk 1:30:59]} Nf6 {[%clk 1:30:55]} 2. c4 {[%clk 1:31:13]} g6
{[%clk 1:31:13]} 3. Nc3 {[%clk 1:31:30]} d6 {[%clk 1:31:20]} 4. e4
{[%clk 1:31:47]} Bg7 {[%clk 1:31:46]} 5. Nf3 {[%clk 1:32:02]} O-O
{[%clk 1:32:06]} 6. Be2 {[%clk 1:32:27]} e5 {[%clk 1:32:26]} 7. dxe5
{[%clk 1:32:15]} dxe5 {[%clk 1:32:52]} 8. Qxd8 {[%clk 1:32:30]} Rxd8
{[%clk 1:33:16]} 9. Bg5 {[%clk 1:32:34]} Re8 {[%clk 1:32:41]} 10. Nd5
{[%clk 1:32:32]} Nxd5 {[%clk 1:32:35]} 11. cxd5 {[%clk 1:32:51]} c6
{[%clk 1:32:29]} 12. O-O {[%clk 1:30:40]} cxd5 {[%clk 1:24:14]} 13. exd5
{[%clk 1:30:59]} f6 {[%clk 1:24:04]} 14. Be3 {[%clk 1:30:26]} b6 {[%clk 1:24:31]}
15. Rac1 {[%clk 1:29:38]} Ba6 {[%clk 1:24:52]} 16. Bxa6 {[%clk 1:26:36]} Nxa6
{[%clk 1:25:17]} 17. Rfd1 {[%clk 1:24:31]} Rac8 {[%clk 1:23:28]} 18. Rc3
{[%clk 1:20:46]} Bf8 {[%clk 1:20:10]} 19. Nd2 {[%clk 1:16:49]} Bb4
{[%clk 1:12:17]} 20. Ne4 {[%clk 1:08:52]} Bxc3 {[%clk 1:11:17]} 21. Nxf6+
{[%clk 1:09:11]} Kf7 {[%clk 1:11:41]} 22. Nxe8 {[%clk 1:09:23]} Bb4
{[%clk 1:12:00]} 23. d6 {[%clk 1:08:43]} Rxe8 {[%clk 1:12:24]} 24. Bg5
{[%clk 1:08:24]} Rh8 {[%clk 1:04:20]} 25. d7 {[%clk 1:07:52]} Be7
{[%clk 1:04:33]} 26. d8=Q {[%clk 1:07:42]} Bxd8 {[%clk 1:04:12]} 27. Bxd8
{[%clk 1:08:00]} Ke6 {[%clk 1:04:30]} 28. Bg5 {[%clk 1:05:46]} Rc8
{[%clk 1:04:33]} 29. Bd2 {[%clk 1:04:43]} Nc5 {[%clk 1:02:24]} 30. Rc1
{[%clk 1:02:21]} Rd8 {[%clk 1:01:06]} 31. Bg5 {[%clk 1:00:52]} Nd3
{[%clk 0:58:56]} 32. Rb1 {[%clk 0:49:45]} Rc8 {[%clk 0:57:59]} 33. a4
{[%clk 0:46:04]} Rc2 {[%clk 0:57:27]} 34. b4 {[%clk 0:45:06]} Rb2
{[%clk 0:56:44]} 35. Rxb2 {[%clk 0:45:09]} Nxb2 {[%clk 0:57:09]} 36. a5
{[%clk 0:45:21]} bxa5 {[%clk 0:57:35]} 37. bxa5 {[%clk 0:45:38]} a6
{[%clk 0:58:03]} 38. Bd2 {[%clk 0:43:50]} Kd5 {[%clk 0:55:27]} 39. Kf1
{[%clk 0:43:24]} Kc5 {[%clk 0:49:30]} 40. Ke2 {[%clk 1:13:00]} Kb5
{[%clk 1:19:30]} 41. Bc3 {[%clk 1:11:09]} Nc4 {[%clk 1:19:55]} 42. Kd3
{[%clk 1:11:05]} Nxa5 {[%clk 1:18:31]} 43. Bxe5 {[%clk 1:11:09]} Nc6
{[%clk 1:18:24]} 44. Bd6 {[%clk 1:09:40]} Na5 {[%clk 1:15:39]} 45. Kd4
{[%clk 1:06:44]} Nc6+ {[%clk 1:10:52]} 46. Kd5 {[%clk 1:06:06]} Nb4+
{[%clk 1:10:02]} 47. Ke6 {[%clk 1:05:49]} a5 {[%clk 1:10:18]} 48. f4
{[%clk 1:05:26]} a4 {[%clk 1:10:20]} 49. g4 {[%clk 1:05:27]} a3 {[%clk 1:09:48]}
50. f5 {[%clk 1:04:27]} a2 {[%clk 1:09:58]} 51. Be5 {[%clk 1:04:34]} gxf5
{[%clk 1:04:46]} 52. gxf5 {[%clk 1:04:48]} Kc4 {[%clk 0:58:51]} 53. f6
{[%clk 1:02:13]} Nd3 {[%clk 0:57:30]} 54. Ba1 {[%clk 1:02:14]} Nf4+
{[%clk 0:57:48]} 55. Kf5 {[%clk 1:00:03]} Ng6 {[%clk 0:58:10]} 56. f7
{[%clk 0:59:00]} Kd5 {[%clk 0:58:10]} 57. Kf6 {[%clk 0:58:54]} Kd6
{[%clk 0:57:31]} 58. h4 {[%clk 0:58:02]} Nf8 {[%clk 0:57:38]} 59. h5
{[%clk 0:54:46]} h6 {[%clk 0:57:18]} 60. Kg7 {[%clk 0:51:31]} Ke7
{[%clk 0:57:11]} 61. Bb2 {[%clk 0:49:56]} Nd7 {[%clk 0:56:23]} 62. Kg8
{[%clk 0:49:42]} Nf8 {[%clk 0:55:28]} 63. Bg7 {[%clk 0:49:31]} Nd7
{[%clk 0:55:21]} 64. Bb2 {[%clk 0:46:48]} Nf8 {[%clk 0:55:44]} 65. Ba3+
{[%clk 0:46:17]} Ke6 {[%clk 0:56:03]} 66. Bxf8 {[%clk 0:44:26]} a1=Q
{[%clk 0:56:23]} 67. Bg7 {[%clk 0:44:41]} Qa8+ {[%clk 0:56:06]} 68. f8=Q
{[%clk 0:44:17]} Qxf8+ {[%clk 0:56:35]} 69. Bxf8 {[%clk 0:40:37]} Kf5
{[%clk 0:56:58]} 1/2-1/2

[Event "World Chess Olympiad 2018"]
[Site "Batumi"]
[Date "2018.10.02"]
[Round "8"]
[Board "1"]
[WhiteFideId "15200515"]
[White "Handjaba Mclean"]
[BlackFideId "4101898"]
[Black "Babarykin Stanislav"]
[Result "0-1"]
[LiveChessVersion "1.4.8"]
[BlackElo "2396"]
[WhiteElo "1956"]

1. d4 {[%clk 1:30:54]} d5 {[%clk 1:30:39]} 2. Bf4 {[%clk 1:31:10]} Nf6
{[%clk 1:31:06]} 3. e3 {[%clk 1:31:21]} c5 {[%clk 1:31:25]} 4. c3
{[%clk 1:30:21]} Nc6 {[%clk 1:31:52]} 5. Nd2 {[%clk 1:30:28]} Bf5
{[%clk 1:32:11]} 6. Qb3 {[%clk 1:25:03]} Qd7 {[%clk 1:31:34]} 7. Bb5
{[%clk 1:22:58]} a6 {[%clk 1:26:42]} 8. Qa4 {[%clk 1:19:41]} Rc8 {[%clk 1:25:15]}
9. Bxc6 {[%clk 1:19:44]} Rxc6 {[%clk 0:29:25]} 10. Ngf3 {[%clk 1:17:08]} Rb6
{[%clk 0:29:53]} 11. Qxd7+ {[%clk 1:15:49]} Nxd7 {[%clk 0:30:21]} 12. b3
{[%clk 1:04:26]} Bd3 {[%clk 0:25:27]} 13. Ne5 {[%clk 0:52:59]} Nxe5
{[%clk 0:25:43]} 14. dxe5 {[%clk 0:53:12]} c4 {[%clk 0:20:33]} 15. b4
{[%clk 0:47:09]} a5 {[%clk 0:20:52]} 16. a3 {[%clk 0:46:42]} e6 {[%clk 0:14:08]}
17. Nf3 {[%clk 0:31:50]} Be7 {[%clk 0:14:35]} 18. Nd4 {[%clk 0:24:18]} Kd7
{[%clk 0:15:03]} 19. Kd2 {[%clk 0:20:05]} Ra8 {[%clk 0:11:36]} 20. Rhc1
{[%clk 0:18:38]} axb4 {[%clk 0:08:32]} 21. axb4 Rba6 22. Nc2 {[%clk 0:10:03]} Ra2
{[%clk 0:09:30]} 23. Rxa2 {[%clk 0:09:16]} Rxa2 {[%clk 0:10:00]} 24. Kd1
{[%clk 0:09:04]} g5 {[%clk 0:09:34]} 25. Bg3 {[%clk 0:09:01]} Bf1
{[%clk 0:09:27]} 26. Ra1 {[%clk 0:08:34]} Rxa1+ {[%clk 0:09:25]} 27. Nxa1
{[%clk 0:09:03]} Bxg2 {[%clk 0:09:20]} 28. Nc2 {[%clk 0:08:58]} h5
{[%clk 0:07:31]} 29. f4 {[%clk 0:08:00]} g4 {[%clk 0:06:12]} 30. Bf2
{[%clk 0:05:15]} Be4 {[%clk 0:04:37]} 31. Nd4 {[%clk 0:04:45]} f6
{[%clk 0:04:35]} 32. exf6 {[%clk 0:02:27]} Bxf6 {[%clk 0:05:03]} 33. Ke1
{[%clk 0:02:20]} Bd3 {[%clk 0:04:45]} 34. Bg1 {[%clk 0:02:00]} e5
{[%clk 0:04:13]} 35. Nb5 {[%clk 0:01:05]} Bc2 {[%clk 0:01:11]} 36. Kf1
{[%clk 0:01:03]} Bg7 {[%clk 0:00:48]} 37. fxe5 Bxe5 {[%clk 0:01:17]} 38. Nd4
{[%clk 0:00:54]} Bd3+ {[%clk 0:01:29]} 39. Kg2 {[%clk 0:00:57]} Be4+
{[%clk 0:01:55]} 40. Kf1 {[%clk 0:31:04]} h4 {[%clk 0:31:37]} 41. Bf2
{[%clk 0:28:05]} Bxh2 {[%clk 0:29:55]} 42. Bxh4 {[%clk 0:28:03]} g3
{[%clk 0:30:24]} 43. Ke1 {[%clk 0:18:52]} g2 {[%clk 0:30:38]} 44. Ne2
{[%clk 0:18:44]} Bd3 {[%clk 0:30:11]} 45. Kf2 {[%clk 0:17:56]} Bxe2
{[%clk 0:30:29]} 46. Kxg2 {[%clk 0:17:55]} Be5 {[%clk 0:30:57]} 47. Be1
{[%clk 0:17:56]} Kc6 {[%clk 0:31:26]} 48. e4 {[%clk 0:10:52]} dxe4
{[%clk 0:31:32]} 49. Kf2 {[%clk 0:11:00]} Bd3 {[%clk 0:32:01]} 50. Ke3
{[%clk 0:11:11]} Kd5 {[%clk 0:32:29]} 51. Bd2 {[%clk 0:10:40]} Bg3
{[%clk 0:32:58]} 52. b5 {[%clk 0:09:38]} Ke5 {[%clk 0:33:18]} 53. Be1
{[%clk 0:09:05]} Bxe1 {[%clk 0:33:34]} 54. b6 {[%clk 0:09:13]} Bh4
{[%clk 0:32:12]} 0-1

[Event "World Chess Olympiad 2018"]
[Site "Batumi"]
[Date "2018.10.02"]
[Round "8"]
[Board "2"]
[WhiteFideId "4107101"]
[White "Meshkov Yuri A."]
[BlackFideId "15200540"]
[Black "Beukes Dante M"]
[Result "1-0"]
[LiveChessVersion "1.4.8"]
[BlackElo "2155"]
[WhiteElo "2313"]

1. e4 {[%clk 1:30:55]} c5 {[%clk 1:30:54]} 2. Nf3 {[%clk 1:31:14]} g6
{[%clk 1:31:14]} 3. c3 {[%clk 1:30:24]} d5 {[%clk 1:31:36]} 4. exd5
{[%clk 1:29:07]} Qxd5 {[%clk 1:31:59]} 5. d4 {[%clk 1:29:18]} Bg7
{[%clk 1:32:10]} 6. Be2 {[%clk 1:24:07]} cxd4 {[%clk 1:28:19]} 7. cxd4
{[%clk 1:24:23]} Nf6 {[%clk 1:25:53]} 8. Nc3 {[%clk 1:23:33]} Qa5
{[%clk 1:24:38]} 9. O-O {[%clk 1:15:46]} O-O {[%clk 1:22:03]} 10. Qb3
{[%clk 1:09:43]} Qb6 {[%clk 1:12:26]} 11. Qxb6 {[%clk 1:00:49]} axb6
{[%clk 1:12:50]} 12. Bf4 {[%clk 0:54:45]} Na6 {[%clk 1:03:08]} 13. a3
{[%clk 0:54:51]} Be6 {[%clk 0:59:56]} 14. Ng5 {[%clk 0:53:58]} Bd5
{[%clk 0:57:21]} 15. Rfe1 {[%clk 0:50:01]} e6 {[%clk 0:49:43]} 16. Be5
{[%clk 0:43:50]} Rfd8 {[%clk 0:43:57]} 17. Rac1 {[%clk 0:39:24]} Rac8
{[%clk 0:37:51]} 18. h4 {[%clk 0:34:04]} Bc6 {[%clk 0:31:45]} 19. b4
{[%clk 0:31:03]} Nc7 {[%clk 0:30:45]} 20. b5 {[%clk 0:16:28]} Bd5
{[%clk 0:30:45]} 21. Na4 {[%clk 0:14:47]} Na8 {[%clk 0:30:07]} 22. Nc3 Nc7
{[%clk 0:29:14]} 23. Nce4 {[%clk 0:10:25]} Nce8 {[%clk 0:24:47]} 24. Nxf6+
{[%clk 0:05:16]} Nxf6 {[%clk 0:21:57]} 25. Bc7 {[%clk 0:05:32]} Re8
{[%clk 0:20:09]} 26. Bxb6 {[%clk 0:04:58]} Nd7 {[%clk 0:20:03]} 27. Ba5
{[%clk 0:03:30]} Bxd4 {[%clk 0:17:27]} 28. Nf3 {[%clk 0:03:01]} Bb2
{[%clk 0:15:33]} 29. Rxc8 {[%clk 0:03:24]} Rxc8 {[%clk 0:15:57]} 30. Bb4
{[%clk 0:03:49]} Nb6 {[%clk 0:14:20]} 31. Rb1 {[%clk 0:03:44]} Rc1+
{[%clk 0:09:35]} 32. Rxc1 {[%clk 0:04:06]} Bxc1 {[%clk 0:09:59]} 33. Bd1 Nc4
{[%clk 0:09:23]} 34. a4 {[%clk 0:04:38]} f6 {[%clk 0:06:29]} 35. a5
{[%clk 0:04:13]} Bf4 {[%clk 0:04:11]} 36. Bb3 {[%clk 0:03:45]} Bd6
{[%clk 0:02:20]} 37. Bxd6 {[%clk 0:03:38]} Nxd6 {[%clk 0:02:46]} 38. Bxd5
{[%clk 0:04:01]} exd5 {[%clk 0:03:13]} 39. Nd4 {[%clk 0:04:27]} Nc4
{[%clk 0:02:55]} 40. a6 {[%clk 0:34:47]} bxa6 {[%clk 0:33:15]} 41. bxa6
{[%clk 0:35:12]} Nb6 {[%clk 0:31:48]} 42. a7 Kf7 {[%clk 0:29:52]} 43. g4
{[%clk 0:34:51]} Ke7 {[%clk 0:27:53]} 44. f4 {[%clk 0:34:41]} Kd6
{[%clk 0:22:40]} 45. Kf2 {[%clk 0:34:40]} Na8 {[%clk 0:20:15]} 46. Ke2
{[%clk 0:34:18]} g5 {[%clk 0:12:57]} 47. hxg5 {[%clk 0:27:40]} fxg5
{[%clk 0:13:14]} 48. f5 {[%clk 0:27:35]} Ke5 {[%clk 0:11:56]} 49. Kd3
{[%clk 0:25:14]} Kf6 {[%clk 0:10:24]} 50. Kc3 {[%clk 0:25:16]} h5
{[%clk 0:09:06]} 51. gxh5 {[%clk 0:25:34]} g4 {[%clk 0:09:27]} 52. h6
{[%clk 0:25:51]} g3 {[%clk 0:09:50]} 53. Kd3 {[%clk 0:19:22]} g2 {[%clk 0:08:32]}
54. Nf3 {[%clk 0:19:32]} 1-0

[Event "World Chess Olympiad 2018"]
[Site "Batumi"]
[Date "2018.10.02"]
[Round "8"]
[Board "3"]
[WhiteFideId "15200019"]
[White "Mueller Leonhard"]
[BlackFideId "14114879"]
[Black "Grigorchuk Sergey"]
[Result "1-0"]
[LiveChessVersion "1.4.8"]
[BlackElo "2288"]
[WhiteElo "2190"]

1. d4 Nf6 2. Nf3 g6 3. c4 Bg7 4. Nc3 O-O 5. e4 d6 6. Be2 e5 7. O-O Nc6 8. d5 Ne7
9. Nd2 a5 10. a3 Nd7 11. Rb1 f5 12. b4 Kh8 13. f3 f4 14. c5 axb4 15. axb4 g5 16.
Nc4 Nf6 17. b5 dxc5 18. Bb2 Ng6 19. b6 cxb6 20. Qb3 g4 21. Nxb6 gxf3 22. Bxf3 c4
23. Qb4 Ra6 24. Nxc8 Qxc8 25. Na4 Rg8 26. Kh1 Nh4 27. Bxe5 Nxf3 28. Rxf3 Nxe4 29.
Bxg7+ Rxg7 30. Rxf4 Qd7 31. Rxe4 Rxa4 32. Qc3 b5 33. Rbe1 Ra8 34. Re7 Qg4 35.
Re8+ 1-0

[Event "World Chess Olympiad 2018"]
[Site "Batumi"]
[Date "2018.10.02"]
[Round "8"]
[Board "4"]
[WhiteFideId "1103520"]
[White "Dukaczewski Piotr"]
[BlackFideId "15200523"]
[Black "Gariseb Immanuel"]
[Result "1/2-1/2"]
[LiveChessVersion "1.4.8"]
[BlackElo "1820"]
[WhiteElo "2259"]

1. e4 d5 2. exd5 Nf6 3. d4 Nxd5 4. c4 Nb6 5. Nc3 Bf5 6. Nf3 e6 7. Be3 Nc6 8. Be2
Be7 9. O-O O-O 10. Qd2 Bf6 11. h3 h6 12. Rfd1 Qe7 13. Rac1 Rfd8 14. b3 Rd7 15. c5
Nd5 16. Nxd5 Rxd5 17. Bc4 Rd7 18. b4 Be4 19. Qe2 Rad8 20. b5 Bxf3 21. Qxf3 Nxd4
22. Bxd4 Bxd4 23. c6 bxc6 24. bxc6 Rd6 25. Re1 Qf6 26. Be2 Qxf3 27. Bxf3 Bb6 28.
Red1 Rxd1+ 29. Rxd1 Rxd1+ 30. Bxd1 Kf8 31. g3 Ke7 32. Kg2 Kd6 33. Ba4 f5 34. h4
g5 35. hxg5 hxg5 36. f3 Kc5 37. f4 gxf4 38. gxf4 Kd4 39. Kf3 e5 40. fxe5 Kxe5 41.
Bc2 1/2-1/2

[Event "World Chess Olympiad 2018"]
[Site "Batumi"]
[Date "2018.10.02"]
[Round "8"]
[Board "1"]
[WhiteFideId "14300249"]
[White "Cawdery Daniel"]
[BlackFideId "6201610"]
[Black "Kulpruethanon Thanadon"]
[Result "1-0"]
[LiveChessVersion "1.4.8"]
[BlackElo "2291"]
[WhiteElo "2422"]

1. e4 {[%clk 1:30:56]} c5 {[%clk 1:30:54]} 2. Nf3 {[%clk 1:31:17]} g6
{[%clk 1:31:16]} 3. d4 {[%clk 1:30:40]} cxd4 {[%clk 1:31:39]} 4. Nxd4
{[%clk 1:30:55]} Bg7 {[%clk 1:31:39]} 5. Nc3 {[%clk 1:31:21]} Nc6
{[%clk 1:31:59]} 6. Be3 {[%clk 1:31:46]} Nf6 {[%clk 1:32:12]} 7. Bc4
{[%clk 1:31:28]} Qa5 {[%clk 1:32:16]} 8. O-O {[%clk 1:31:30]} O-O
{[%clk 1:32:34]} 9. Bb3 {[%clk 1:31:01]} d6 {[%clk 1:32:49]} 10. h3
{[%clk 1:30:34]} Bd7 {[%clk 1:32:49]} 11. Re1 {[%clk 1:30:48]} Rac8
{[%clk 1:32:48]} 12. Qd2 {[%clk 1:29:34]} Rfe8 {[%clk 1:27:44]} 13. Rad1
{[%clk 1:29:42]} Ne5 {[%clk 1:23:57]} 14. Qe2 {[%clk 1:28:25]} b5
{[%clk 1:14:03]} 15. Bc1 {[%clk 1:04:36]} Nc4 {[%clk 1:10:28]} 16. Nf3
{[%clk 1:00:18]} Nh5 {[%clk 0:47:07]} 17. e5 {[%clk 0:32:06]} Nxe5
{[%clk 0:38:13]} 18. g4 {[%clk 0:29:11]} Nxf3+ {[%clk 0:23:08]} 19. Qxf3
{[%clk 0:28:00]} Nf6 {[%clk 0:23:33]} 20. g5 {[%clk 0:27:43]} Bc6
{[%clk 0:23:55]} 21. Qf4 {[%clk 0:27:44]} e5 {[%clk 0:23:30]} 22. Qe3
{[%clk 0:28:02]} Nh5 {[%clk 0:15:29]} 23. Rxd6 {[%clk 0:28:31]} e4
{[%clk 0:11:49]} 24. Red1 {[%clk 0:25:32]} Be5 {[%clk 0:07:44]} 25. Rxc6
{[%clk 0:24:51]} Rxc6 {[%clk 0:08:08]} 26. Rd7 {[%clk 0:24:34]} Rce6
{[%clk 0:03:16]} 27. Bxe6 {[%clk 0:24:24]} Rxe6 {[%clk 0:03:41]} 28. Qc5
{[%clk 0:22:41]} Re8 {[%clk 0:01:25]} 29. Qd5 {[%clk 0:22:46]} Re6
{[%clk 0:01:27]} 30. Rd8+ {[%clk 0:21:44]} Kg7 {[%clk 0:01:54]} 31. Qa8
{[%clk 0:22:03]} h6 {[%clk 0:01:48]} 32. Rh8 {[%clk 0:22:10]} hxg5
{[%clk 0:01:33]} 33. Bxg5 {[%clk 0:22:33]} 1-0

[Event "World Chess Olympiad 2018"]
[Site "Batumi"]
[Date "2018.10.02"]
[Round "8"]
[Board "2"]
[WhiteFideId "6200184"]
[White "Saeheng Boonsueb"]
[BlackFideId "14300141"]
[Black "Kobese Watu"]
[Result "0-1"]
[LiveChessVersion "1.4.8"]
[BlackElo "2344"]
[WhiteElo "2163"]

1. d4 {[%clk 1:30:56]} Nf6 {[%clk 1:30:38]} 2. c4 {[%clk 1:31:18]} e6
{[%clk 1:31:00]} 3. Nf3 {[%clk 1:31:41]} Bb4+ {[%clk 1:31:22]} 4. Bd2
{[%clk 1:32:04]} Qe7 {[%clk 1:31:37]} 5. g3 {[%clk 1:28:37]} Nc6 {[%clk 1:31:38]}
6. Bg2 {[%clk 1:28:24]} Bxd2+ {[%clk 1:31:45]} 7. Nbxd2 {[%clk 1:27:59]} d6
{[%clk 1:32:03]} 8. O-O {[%clk 1:25:20]} O-O {[%clk 1:32:26]} 9. e4
{[%clk 1:20:43]} e5 {[%clk 1:32:34]} 10. d5 {[%clk 1:20:59]} Nb8 {[%clk 1:32:56]}
11. b4 {[%clk 1:21:16]} a5 {[%clk 1:33:10]} 12. a3 {[%clk 1:21:17]} Na6
{[%clk 1:33:22]} 13. Rb1 {[%clk 1:15:21]} c6 {[%clk 1:29:38]} 14. Ne1
{[%clk 1:08:57]} axb4 {[%clk 1:18:47]} 15. axb4 {[%clk 1:09:19]} cxd5
{[%clk 1:16:55]} 16. cxd5 {[%clk 0:53:18]} Bd7 {[%clk 1:13:52]} 17. Nc2
{[%clk 0:50:00]} Ba4 {[%clk 1:09:50]} 18. Nb3 {[%clk 0:46:00]} Rfc8
{[%clk 1:09:14]} 19. Qd2 {[%clk 0:46:03]} Rc4 {[%clk 1:04:33]} 20. Rfc1
{[%clk 0:42:02]} Bxb3 {[%clk 0:53:46]} 21. Rxb3 {[%clk 0:42:14]} Qc7
{[%clk 0:46:43]} 22. Bf1 {[%clk 0:33:44]} Nxe4 {[%clk 0:46:19]} 23. Qe2
{[%clk 0:23:30]} b5 {[%clk 0:42:39]} 24. Ra1 {[%clk 0:14:41]} Qb7
{[%clk 0:19:43]} 25. Na3 {[%clk 0:05:06]} Nc7 {[%clk 0:05:51]} 26. Rd1
{[%clk 0:02:06]} Nc3 {[%clk 0:03:48]} 27. Qe1 {[%clk 0:00:46]} Nxd1
{[%clk 0:03:39]} 0-1